Vista normal Vista MARC

Entrada Topical Term

Número de registros utilizados en: 1

001 - CONTROL NUMBER

  • control field: 25587

003 - CONTROL NUMBER IDENTIFIER

  • control field: OSt

005 - DATE AND TIME OF LATEST TRANSACTION

  • control field: 20230915231142.0

008 - FIXED-LENGTH DATA ELEMENTS

  • fixed length control field: 230915|| aca||aabn | a|a d

040 ## - CATALOGING SOURCE

  • Original cataloging agency: OSt
  • Transcribing agency: OSt

150 ## - HEADING--TOPICAL TERM

  • Topical term or geographic name entry element: INSERCION SOCIAL - PALMA DE MALLORCA (ESPAÑA)

670 ## - SOURCE DATA FOUND

  • Source citation: Work cat.: (OSt)27410: Salvá, Francesca; Pons, Catalina; Morell, Adela 25585, Proyectos de inserción sociolaboral y economía social, Popular









Instituto Departamental de Cultura del Meta - Red Departamental de Bibliotecas Públicas del Meta.